Catálogo
 En Linea

Shakespeare / (Registro nro. 41516)

Detalles MARC
000 -CABECERA
campo de control de longitud fija 00986nam a2200265 a 4500
001 - NÚMERO DE CONTROL
campo de control 000042027
005 - FECHA Y HORA DE LA ÚLTIMA TRANSACCIÓN
campo de control 20201002035907.0
008 - DATOS DE LONGITUD FIJA--INFORMACIÓN GENERAL
campo de control de longitud fija 131107s1984 sp ac 000 0bspa d
020 ## - NÚMERO INTERNACIONAL ESTÁNDAR DEL LIBRO
Número Internacional Estándar del Libro 8434581558
040 ## - FUENTE DE LA CATALOGACIÓN
Centro catalogador/agencia de origen DO-SdBNP
Lengua de catalogación spa
Centro/agencia transcriptor BNPHU
082 ## - NÚMERO DE LA CLASIFICACIÓN DECIMAL DEWEY
Número de clasificación 822.33
Número de documento/Ítem S527H
100 1# - ENTRADA PRINCIPAL--NOMBRE DE PERSONA
Nombre de persona Halliday, F. E.,
Fechas asociadas al nombre 1903-1982
9 (RLIN) 68989
240 10 - TÍTULO UNIFORME
Título uniforme Shakespeare and his world
Lenguaje de la obra Español
245 10 - MENCIÓN DE TÍTULO
Título Shakespeare /
Mención de responsabilidad, etc. Frank Ernest Halliday; traducción de Rafael Vázquez Zamora; prólogo Lluis Pasqual.
260 ## - PUBLICACIÓN, DISTRIBUCIÓN, ETC.
Lugar de publicación, distribución, etc. Barcelona :
Nombre del editor, distribuidor, etc. Salvat,
Fecha de publicación, distribución, etc. 1984.
300 ## - DESCRIPCIÓN FÍSICA
Extensión 175 p. :
Otras características físicas il. ;
Dimensiones 20 cm.
490 1# - MENCIÓN DE SERIE
Mención de serie Biblioteca Salvat de grandes biografías;
Designación de volumen o secuencia 10
500 ## - NOTA GENERAL
Nota general Traducción de: Shakespeare and his world
504 ## - NOTA DE BIBLIOGRAFÍA, ETC.
Nota de bibliografía, etc. Bibliografía : p. 175
600 14 - PUNTO DE ACCESO ADICIONAL DE MATERIA--NOMBRE DE PERSONA
Nombre de persona SHAkESPEARE, WILLIAN
Fechas asociadas al nombre 1564-1616
9 (RLIN) 68990
700 12 - PUNTO DE ACCESO ADICIONAL--NOMBRE DE PERSONA
Nombre de persona Vázquez Zamora, Rafael
Término indicativo de función/relación tr.
9 (RLIN) 38342
700 12 - PUNTO DE ACCESO ADICIONAL--NOMBRE DE PERSONA
Nombre de persona Pasqual, Lluis
Término indicativo de función/relación pról.
9 (RLIN) 68991
830 #0 - PUNTO DE ACCESO ADICIONAL DE SERIE-TÍTULO UNIFORME
Título uniforme Biblioteca Salvat de grandes biografías
Número de parte o sección de la obra 10
9 (RLIN) 68992
910 ## - DATOS DE OPCIÓN DEL USUARIO (OCLC)
Datos de opción del usuario Validado. Control de calidad MFF
Existencias
Estado de retiro Estado de pérdida Restricciones de uso No para préstamo Código de colección Localización permanente Ubicación/localización actual Ubicación en estantería Fecha de adquisición Número de inventario Total de préstamos Signatura topográfica completa Código de barras Fecha visto por última vez Precio válido a partir de Tipo de ítem Koha
      Excluido de préstamo Monografías: Libros y Folletos General General Depósito 07.11.2013 LF1   822.33 S527H 42027-10 25.06.2020 25.06.2020 No se presta

Con tecnología Koha